000 00572nam a2200217Ia 4500
003 OSt
005 20230608155324.0
008 210423s2005 xx 000 0 und d
040 _cAL
041 _aeng
082 _a307.1 SELE
_223
100 _aSELVAM (S)
_9122802
245 _aEmpowerment and social development
260 _aNew Delhi
_bKanishka Publishers Distributors
_c2005
300 _a150
_bHB
365 _b350
_cINR
650 _aCommunities
_9122803
650 _aSociology
_9122804
906 _adevelopment. ; Empowerment ; social
942 _2ddc
_cBK
999 _c174061
_d174061